000 00685nam a2200241Ia 4500
005 20260430150209.0
008 008 250103s9999 xx 000 0 eng d
037 _aTheses
040 _aCRL
040 _beng
040 _ceng
041 _2eng
041 _aeng
084 _qCRL
100 _aSomesh Kumar Au.; Kapoor Seema Gu.
_91236763
245 0 _aClinical,biochemical and selected mutational spectrum of mitochondrial and peroxisomal disorders in Indian patients
260 _c2021
300 _a353p.
650 _aScience
700 _aUniversity of Delhi. Faculty of Medical Sciences. Department of Pediatrics
942 _cTH
999 _c1849191
_d1849191